Statistics for 1980s Oscar Best Actor Nominees

Click here to take the quiz!

General Stats

  • This quiz has been taken 128 times
  • The average score is 19 of 38

Answer Stats

MovieActor% Correct
Rain Man; Tootsie; Kramer vs. KramerDustin Hoffman
99%
Raging BullRobert de Niro
93%
Wall StreetMichael Douglas
92%
Good Morning, VietnamRobin Williams
91%
BigTom Hanks
89%
GandhiBen Kingsley
89%
The Color of Money; The Verdict; Absence of MalicePaul Newman
87%
On Golden PondHenry Fonda
79%
Broadway News; Children of a Lesser God; Kiss of the Spider WomanWilliam Hurt
75%
The Elephant ManJohn Hurt
73%
Ironweed; Prizzi's HonorJack Nicholson
71%
WitnessHarrison Ford
68%
...And Justice for All.Al Pacino
67%
AmadeusF. Murray Abraham
66%
Mississippi BurningGene Hackman
64%
RedsWarren Beatty
59%
Tender Mercies; The Great SantiniRobert Duvall
59%
Educating RitaMichael Caine
59%
ArthurDudley Moore
57%
StarmanJeff Bridges
48%
Missing; Tribute; The China SyndromeJack Lemmon
43%
AmadeusTom Hulce
43%
Mona LisaBob Hoskins
36%
All That JazzRoy Scheider
31%
My Favorite Year; The Stunt ManPeter O'Toole
31%
Runaway TrainJon Voight
30%
Stand and DeliverEdward James Olmos
28%
Being TherePeter Sellers
25%
Atlantic CityBurt Lancaster
23%
SalvadorJames Woods
23%
Under the Volcano; The DresserAlbert Finney
22%
Murphy's RomanceJames Garner
21%
The Killing FieldsSam Waterston
20%
Pelle the ConquerorMax von Sydow
16%
The DresserTom Courtenay
15%
Reuben, ReubenTom Conti
15%
Round MidnightDexter Gordon
8%
Dark EyesMarcello Mastroianni
7%

Score Distribution

Percentile by Number Answered

Percent of People with Each Score

Your Score History

You have not taken this quiz